Budapest városépítésének története 1945-1990 tanulmányok

Podrobná bibliografia
Hlavný autor: Preisich, Gábor (Autor)
Médium: Kniha
Jazyk:maďarčina
Fyzický popis:284 s. fotogr., mp. 23x25 cm
Vydavateľské údaje: Budapest Műszaki Könyvkiadó c1998
ISBN:9631614670
Predmet:

MARC

LEADER 00000nam a2200000 a 4500
001 vtls001419274
003 SK-MaSNL
005 20260301120559.0
008 251124s1998 HU a r 0 hun
020 |a 9631614670  |c [780,00] 
035 |a SNK000374088 
040 |a SNK  |b slo  |c SNK  |e AACR2 
044 |a HU 
080 |a 908.439-25"1945/1990"(084.12)  |2 1981 
080 |a 711.437(439-25)"1945/1990"  |2 1981 
100 1 |a Preisich, Gábor  |4 aut  |9 463349 
245 1 |a Budapest városépítésének története 1945-1990  |b tanulmányok  |c Preisich Gábor 
260 |a Budapest  |b Műszaki Könyvkiadó  |c c1998 
300 |a 284 s.  |b fotogr., mp.  |c 23x25 cm 
650 0 7 |a výstavba  |x štúdie a fotografie  |y 1945-1990  |2 SNK  |9 463350 
651 7 |a Budapešť (Maďarsko)  |2 SNKPHgeo  |9 17734 
919 |a 963-16-1467-0 
999 |c 726367  |d 728297 
952 |t P60, <04>, [BOOK], {604}  |a SNK  |b SNK  |y VYP  |7 0  |p 17A0318556  |o snkIC 129727  |i snkV 1466/2001  |0 0  |1 0  |4 0  |d 2001-10-31  |l 0  |r 2005-01-02 00:00:00  |w 2026-02-23